[Event "Verbandsliga Sued Baden 1213"]
[Site "Baden"]
[Date "2012.10.21"]
[Round "1.6"]
[White "Kalix, Wolfgang"]
[Black "Poidevin, Emmanuel"]
[Result "1-0"]
[WhiteElo "2052"]
[BlackElo "1965"]
[PlyCount "81"]
[EventDate "2012.10.21"]
[EventType "team-tourn"]
[EventRounds "9"]
[EventCountry "GER"]
[SourceTitle "EXT 2014"]
[Source "ChessBase"]
[SourceDate "2013.11.20"]
[SourceVersion "1"]
[SourceVersionDate "2013.11.20"]
[SourceQuality "1"]
[WhiteTeam "Konstanz"]
[BlackTeam "Oberkirch"]
[WhiteTeamCountry "GER"]
[BlackTeamCountry "GER"]

1. e4 c5 2. Nf3 Nc6 3. Bb5 g6 4. 0-0 Bg7 5. Nc3 Nf6 6. d3 0-0 7. h3 d5 8. exd5 Nxd5 9. Bxc6 Nxc3 10. bxc3 bxc6 11. Bd2 Qd5 12. Re1 Re8 13. c4 Qd6 14. Rb1 Rb8 15. Rb3 Bf5 16. Qc1 Rxb3 17. axb3 e5 18. Ng5 h6 19. Ne4 Bxe4 20. dxe4 Kh7 21. Be3 Bf8 22. Rd1 Qc7 23. Qd2 Rc8 24. Ra1 Rd8 25. Qa5 Qe7 26. Bxc5 Qg5 27. Bxf8 Rxf8 28. Qxa7 Kg7 29. Qd7 Ra8 30. Rf1 Ra2 31. Qxc6 Rxc2 32. Qd5 Rc1 33. Qd3 h5 34. b4 Rxf1+ 35. Qxf1 Qd2 36. b5 Qc2 37. b6 Qxe4 38. c5 Kf6 39. Qc1 Qc6 40. Qb1 Qb7 41. c6 1-0

[Event "FRA-chT2 0405"]
[Site "France"]
[Date "2004.10.10"]
[Round "1.6"]
[White "Bessieres, Christophe"]
[Black "Poidevin, Emmanuel"]
[Result "1/2-1/2"]
[WhiteElo "2042"]
[BlackElo "1989"]
[PlyCount "82"]
[EventDate "2004.10.10"]
[EventType "team"]
[EventRounds "11"]
[EventCountry "FRA"]
[SourceTitle "EXT 2006"]
[Source "ChessBase"]
[SourceDate "2005.11.24"]
[SourceVersion "1"]
[SourceVersionDate "2005.11.24"]
[SourceQuality "1"]

1. d4 d6 2. c4 g6 3. Nc3 Bg7 4. e4 Nc6 5. Be3 e5 6. d5 Nce7 7. Qd2 f5 8. f3 Nf6 9. Bd3 f4 10. Bf2 c5 11. dxc6 bxc6 12. Rd1 0-0 13. Bc2 Ne8 14. Bb3 Be6 15. Nge2 Qd7 16. Na4 Rd8 17. Qa5 Nc8 18. Nc5 Qc7 19. Qd2 Bf7 20. Na6 Qb7 21. Nc5 Qc7 22. Nc3 Bf6 23. N5a4 Ng7 24. 0-0 Be6 25. Qc2 Qf7 26. Rd2 Bxc4 27. Bxc4 Qxc4 28. b3 Qf7 29. Rfd1 Ne6 30. Ne2 c5 31. Nec3 Nd4 32. Qd3 Ne7 33. Qa6 Nec6 34. Nd5 g5 35. Bxd4 Nxd4 36. Qc4 Kg7 37. h3 h5 38. Nxf6 Kxf6 39. Qxf7+ Rxf7 40. Nc3 Ke6 41. Kf2 h4 1/2-1/2